00336 2200145 4500001002100000005001500021035002000036245003000056100001300086300001200099260004500111082000800156084001400164990001200178INLIS00000000000232520250528093542 a0010-05250006171 aTirai Menurun /cNH. Dini0 aNH. Dini a457 hlm aJakarta :bGramedia Pustaka Utama,c2000 a813 a813 NH. t a0713400